[Event "ÕÕÕII Nezhmetdinov Memorial"]
[Site "?"]
[Date "2010.06.05"]
[Round "6.6"]
[White "Pridorozhni, Aleksei"]
[Black "Predke, Alexandr"]
[Result "1/2-1/2"]
[WhiteElo "2554"]
[BlackElo "2417"]
[PlyCount "104"]
[EventDate "2010.06.01"]
[SourceDate "2010.06.05"]

1. e4 e5 2. Nf3 Nc6 3. Bb5 a6 4. Ba4 Nf6 5. Bxc6 dxc6 6. d3 Bd6 7. b3 Qe7 8.
Nbd2 Nd7 9. O-O c5 10. Nc4 Nb8 11. Bb2 Nc6 12. Nfd2 O-O 13. Qh5 Bd7 14. f4 f6
15. fxe5 fxe5 16. Rxf8+ Rxf8 17. Nf3 g6 18. Qh6 b5 19. Nxd6 cxd6 20. c3 b4 21.
Rf1 a5 22. h3 Nd8 23. Ba1 Bb5 24. c4 Bd7 25. Bb2 Ne6 26. Bc1 Qf6 27. Be3 Qg7
28. Qh4 Qf6 29. Qh6 Qg7 30. Qh4 Qf6 31. Qxf6 Rxf6 32. a3 Nf4 33. Bxf4 Rxf4 34.
axb4 axb4 35. Kf2 Kf8 36. Ra1 Ke7 37. Ra8 Rf8 38. Ra7 Rf4 39. Ke2 h6 40. Nd2
Rf7 41. Nf1 Kf6 42. Ra6 Ke7 43. Ne3 Be6 44. Ra8 Rf8 45. Ra7+ Kf6 46. h4 Rf7 47.
Ra8 Ke7 48. g3 Rf6 49. Ra7+ Ke8 50. Ra8+ Ke7 51. Nd5+ Bxd5 52. exd5 h5 1/2-1/2

[Event "ÕÕÕII Nezhmetdinov Memorial"]
[Site "?"]
[Date "2010.06.05"]
[Round "6.7"]
[White "Shaposhnikov, Evgeny"]
[Black "Gabdrakhmanov, Rafail"]
[Result "1-0"]
[WhiteElo "2550"]
[BlackElo "2362"]
[PlyCount "81"]
[EventDate "2010.06.01"]
[SourceDate "2010.06.06"]

1. e4 e5 2. Nf3 Nc6 3. Bc4 Nf6 4. d3 Be7 5. O-O O-O 6. Re1 d6 7. a4 Nd7 8. Nc3
Nb6 9. Bb3 a6 10. h3 Be6 11. Nd5 Nd7 12. c3 Na5 13. Ba2 c5 14. d4 Bxd5 15. exd5
c4 16. dxe5 dxe5 17. Nxe5 Nxe5 18. Rxe5 Qd7 19. Re4 Rad8 20. Qe2 Bd6 21. Bg5 f6
22. Be3 f5 23. Re6 f4 24. Bd4 f3 25. Qe4 Rf4 26. Qe3 Qf7 27. Bb6 Bc7 28. Bxc7
Qxc7 29. Re1 Rff8 30. Re7 Qd6 31. Re6 Qc7 32. Qg5 Qf7 33. g3 Qf5 34. Qh4 Rxd5
35. Re8 Rxe8 36. Rxe8+ Kf7 37. Re1 g5 38. Qh5+ Qg6 39. Qxf3+ Qf5 40. Qh5+ Qg6
41. Qe2 1-0

[Event "ÕÕÕII Nezhmetdinov Memorial"]
[Site "?"]
[Date "2010.06.05"]
[Round "6.8"]
[White "Kabanov, Nikolai"]
[Black "Sokolov, Sergei"]
[Result "1/2-1/2"]
[WhiteElo "2517"]
[BlackElo "2349"]
[PlyCount "42"]
[EventDate "2010.06.01"]
[SourceDate "2010.06.06"]

1. d4 d5 2. Bg5 Nf6 3. Bxf6 exf6 4. e3 Bd6 5. Bd3 f5 6. Qf3 g6 7. Ne2 Be6 8.
Nf4 c6 9. h4 h5 10. Nd2 Nd7 11. O-O-O Nf6 12. Nxe6 fxe6 13. Qh3 Ng4 14. Rhf1 e5
15. dxe5 Nxe5 16. e4 Nxd3+ 17. Qxd3 dxe4 18. Qb3 Qe7 19. Nc4 O-O-O 20. Nxd6+
Rxd6 21. Rxd6 Qxd6 1/2-1/2

[Event "ÕÕÕII Nezhmetdinov Memorial"]
[Site "?"]
[Date "2010.06.05"]
[Round "6.9"]
[White "Bezgodov, Alexei"]
[Black "Shabalin, Evgeny"]
[Result "1/2-1/2"]
[WhiteElo "2494"]
[BlackElo "2233"]
[PlyCount "31"]
[EventDate "2010.06.01"]
[SourceDate "2010.06.06"]

1. e4 e5 2. Nf3 Nc6 3. Bb5 a6 4. Ba4 d6 5. c3 f5 6. exf5 Bxf5 7. d4 e4 8. d5 b5
9. Bg5 Be7 10. Nh4 Qc8 11. dxc6 bxa4 12. Bxe7 Nxe7 13. Qxa4 O-O 14. O-O Qe6 15.
Nd2 d5 16. Nb3 1/2-1/2

[Event "ÕÕÕII Nezhmetdinov Memorial"]
[Site "?"]
[Date "2010.06.05"]
[Round "6.10"]
[White "Alavkin, Arseny"]
[Black "Bezgodova,  Svetlana"]
[Result "1/2-1/2"]
[WhiteElo "2460"]
[BlackElo "2112"]
[PlyCount "55"]
[EventDate "2010.06.01"]
[SourceDate "2010.06.06"]

1. e4 e5 2. Nf3 Nc6 3. Nc3 Nf6 4. Bb5 Nd4 5. Bc4 Bc5 6. Nxe5 Qe7 7. Nf3 d5 8.
Bxd5 Nxd5 9. Nxd4 Nxc3 10. dxc3 Qxe4+ 11. Qe2 Qxe2+ 12. Kxe2 Bd7 13. Be3 O-O-O
14. f3 Rhe8 15. Kf2 Be7 16. c4 Bh4+ 17. g3 Bf6 18. c3 a6 19. c5 Re5 20. b4 Rde8
21. Rhe1 g6 22. h4 h5 23. Re2 R5e7 24. a4 Be5 25. f4 Bxd4 26. cxd4 Bc6 27. Ra3
Kd7 28. Ra1 1/2-1/2

[Event "ÕÕÕII Nezhmetdinov Memorial"]
[Site "?"]
[Date "2010.06.05"]
[Round "6.12"]
[White "Poniaev, Ruslan"]
[Black "Galliamova, Alisa"]
[Result "0-1"]
[WhiteElo "2256"]
[BlackElo "2487"]
[PlyCount "106"]
[EventDate "2010.06.01"]
[SourceDate "2010.06.06"]

1. d4 Nf6 2. c4 e6 3. Nc3 Bb4 4. Qc2 O-O 5. a3 Bxc3+ 6. Qxc3 d5 7. Bg5 dxc4 8.
Qxc4 b6 9. Nf3 Ba6 10. Qc2 Nbd7 11. e4 Bxf1 12. Rxf1 Qc8 13. O-O-O c5 14. Bxf6
Nxf6 15. dxc5 Qc7 16. e5 Nd5 17. Rd4 Rfc8 18. Kb1 bxc5 19. Ra4 h6 20. Rc1 Rab8
21. Rc4 Qb6 22. Nd2 Rc7 23. Rg4 Qa6 24. Nc4 Nb6 25. Ka2 Nxc4 26. Rxc4 Rcb7 27.
Rxc5 Rxb2+ 28. Qxb2 Rxb2+ 29. Kxb2 Qb7+ 30. Ka1 Qxg2 31. h4 Qxf2 32. R1c4 g5
33. hxg5 hxg5 34. Rc2 Qd4+ 35. Ka2 Kg7 36. Rb5 Kg6 37. Rc7 g4 38. Rb4 Qf2+ 39.
Rb2 Qd4 40. Rb4 Qd5+ 41. Kb1 Qf3 42. Rc2 g3 43. Rbb2 Kf5 44. Re2 Qxa3 45. Kc2
Qf3 46. Kb1 Kg4 47. Ka2 Kh3 48. Re1 g2 49. Rc1 Qd5+ 50. Ka3 Qa5+ 51. Kb3 Qb5+
52. Ka3 Qxb2+ 53. Kxb2 Kh2 0-1

[Event "ÕÕÕII Nezhmetdinov Memorial"]
[Site "?"]
[Date "2010.06.05"]
[Round "6.13"]
[White "Ulanov, Alexandr"]
[Black "Zenzera, Alexey"]
[Result "0-1"]
[WhiteElo "2364"]
[BlackElo "2170"]
[PlyCount "102"]
[EventDate "2010.06.01"]
[SourceDate "2010.06.06"]

1. e4 c5 2. Ne2 e6 3. Nbc3 a6 4. a4 Nc6 5. g3 d5 6. exd5 exd5 7. Bg2 Nf6 8. d4
cxd4 9. Nxd4 Bg4 10. Nce2 Be7 11. f3 Be6 12. O-O O-O 13. Be3 Qd7 14. Nf4 Rfe8
15. Bf2 Bd6 16. Nfxe6 fxe6 17. Bh3 Nxd4 18. Bxd4 Qf7 19. f4 Rac8 20. c3 Bc5 21.
Re1 Bxd4+ 22. Qxd4 Ne4 23. Bg2 Nd6 24. Re2 Qf6 25. Qd3 Qf5 26. Qxf5 Nxf5 27.
Rae1 Kf7 28. Re5 g6 29. Kf2 Nd6 30. Bh3 Ne4+ 31. Ke2 Rc4 32. Rd1 Nc5 33. a5 Ra4
34. Rc1 Rxa5 35. Bg2 Nd7 36. Re3 Rc5 37. Kd3 Rc7 38. Rce1 Nf8 39. b3 Rce7 40.
g4 b6 41. b4 Kf6 42. Ra1 Ra7 43. Kd4 Rc8 44. Bf1 a5 45. f5 gxf5 46. gxf5 exf5
47. Rae1 axb4 48. cxb4 Ra4 49. Rb3 Ra2 50. Kxd5 Rxh2 51. Rbe3 Rhc2 0-1

[Event "ÕÕÕII Nezhmetdinov Memorial"]
[Site "?"]
[Date "2010.06.05"]
[Round "6.14"]
[White "Vafin, Ayrat"]
[Black "Filipenko, Alexander V"]
[Result "0-1"]
[WhiteElo "2113"]
[BlackElo "2345"]
[PlyCount "70"]
[EventDate "2010.06.01"]
[SourceDate "2010.06.06"]

1. c4 e5 2. g3 Nf6 3. Bg2 c6 4. d4 exd4 5. Qxd4 d5 6. cxd5 cxd5 7. Nf3 Nc6 8.
Qa4 Be7 9. O-O O-O 10. Nd4 Qb6 11. e3 Nxd4 12. exd4 Bd7 13. Qd1 Bg4 14. Qd3
Rfe8 15. Nc3 Bb4 16. Be3 Qe6 17. a3 Bxc3 18. Qxc3 Bh3 19. Rfe1 Bxg2 20. Kxg2
Qf5 21. Rac1 Rac8 22. Qb3 b6 23. f3 h5 24. h4 Qd7 25. Rxc8 Rxc8 26. Bg5 Nh7 27.
Re7 Qf5 28. Qb5 Nxg5 29. hxg5 Kh7 30. f4 Rc2+ 31. Kg1 Rd2 32. Qf1 Qg4 33. Qb1+
g6 34. Rxf7+ Kh8 35. Rf8+ Kg7 0-1

[Event "ÕÕÕII Nezhmetdinov Memorial"]
[Site "?"]
[Date "2010.06.05"]
[Round "6.15"]
[White "Mikheev, Stanislav"]
[Black "Dogodkina, Julia"]
[Result "0-1"]
[WhiteElo "2310"]
[BlackElo "2066"]
[PlyCount "106"]
[EventDate "2010.06.01"]
[SourceDate "2010.06.06"]

1. d4 Nf6 2. c4 c5 3. d5 b5 4. Qc2 d6 5. e4 bxc4 6. Bxc4 Nbd7 7. Nf3 g6 8. b3
a5 9. Bb2 Bg7 10. e5 dxe5 11. Nxe5 Nxe5 12. Bxe5 O-O 13. Nc3 Bf5 14. Qe2 h5 15.
O-O h4 16. h3 Bh6 17. Rad1 Nh5 18. Ne4 Kh7 19. d6 exd6 20. Nxd6 Bf4 21. Nxf7
Qe7 22. Bxf4 Qxe2 23. Bxe2 Nxf4 24. Bc4 a4 25. Rfe1 axb3 26. axb3 Ra7 27. Ng5+
Kh6 28. Ne4 Ra2 29. Rd2 Bxe4 30. Rxa2 Bxg2 31. Ra7 Bxh3 32. Ree7 Rd8 33. Rf7
Bf5 34. f3 Rd1+ 35. Kf2 Kg5 36. Rh7 h3 37. Bf1 Nh5 38. Bxh3 Bxh3 39. Rhc7 Bf5
40. Rxc5 Nf4 41. Rc3 Nd5 42. Rc5 Rd2+ 43. Ke1 Rd3 44. Kf2 Nf4 45. Rb5 Ne6 46.
Ra4 Kf6 47. Rb6 Kg7 48. f4 Kh6 49. Ra5 Nd4 50. b4 Rf3+ 51. Kg2 Rxf4 52. Rd5
Be4+ 53. Kg3 Ne2+ 0-1

[Event "ÕÕÕII Nezhmetdinov Memorial"]
[Site "?"]
[Date "2010.06.05"]
[Round "6.16"]
[White "Sanzhaev, Darsen"]
[Black "Gubaydulin, Talgat"]
[Result "1/2-1/2"]
[WhiteElo "2150"]
[BlackElo "2298"]
[PlyCount "65"]
[EventDate "2010.06.01"]
[SourceDate "2010.06.06"]

1. d4 d5 2. c4 c6 3. Nf3 Nf6 4. e3 Bg4 5. h3 Bxf3 6. Qxf3 e6 7. Nc3 Nbd7 8. Bd3
Bd6 9. cxd5 exd5 10. g4 h6 11. h4 Nf8 12. g5 hxg5 13. hxg5 Rxh1+ 14. Qxh1 N6d7
15. f4 Qe7 16. Kf2 g6 17. Bd2 O-O-O 18. a3 Nb6 19. Rc1 Kb8 20. Ne2 Ne6 21. b4
Rf8 22. Qg2 f6 23. gxf6 Rxf6 24. Rg1 g5 25. f5 Ng7 26. Qxg5 Nxf5 27. Ke1 Nh4
28. Qxh4 Rf1+ 29. Kxf1 Qxh4 30. Rg8+ Kc7 31. Rg7+ Kb8 32. Rg8+ Kc7 33. Rg7+
1/2-1/2

[Event "ÕÕÕII Nezhmetdinov Memorial"]
[Site "?"]
[Date "2010.06.05"]
[Round "6.17"]
[White "Tokarev, Ilya"]
[Black "Zlachevskiy, Leonid"]
[Result "1-0"]
[WhiteElo "2257"]
[BlackElo "2111"]
[PlyCount "57"]
[EventDate "2010.06.01"]
[SourceDate "2010.06.06"]

1. c4 e5 2. Nc3 Nf6 3. Nf3 Nc6 4. a3 d5 5. cxd5 Nxd5 6. Qc2 Nxc3 7. bxc3 Bd6 8.
g3 O-O 9. Bg2 Re8 10. d3 h6 11. O-O Bg4 12. Re1 Qd7 13. Rb1 Rab8 14. Nd2 b5 15.
Ne4 Be7 16. Be3 Bxa3 17. Bxh6 a5 18. Be3 a4 19. c4 Nd4 20. Bxd4 exd4 21. cxb5
Rxb5 22. Rxb5 Qxb5 23. Rb1 Qa5 24. Ra1 Bf8 25. h3 Bd7 26. Qc4 c5 27. Qd5 Qc7
28. Ng5 Re6 29. Qf5 1-0

[Event "ÕÕÕII Nezhmetdinov Memorial"]
[Site "?"]
[Date "2010.06.05"]
[Round "6.18"]
[White "Baraeva, Irina"]
[Black "Fedoseev, Vladimir"]
[Result "1-0"]
[WhiteElo "2061"]
[BlackElo "2183"]
[PlyCount "105"]
[EventDate "2010.06.01"]
[SourceDate "2010.06.06"]

1. d4 d5 2. Nf3 Nf6 3. c4 dxc4 4. Nc3 e6 5. Bg5 h6 6. Bh4 c5 7. e3 cxd4 8. Nxd4
a6 9. Bxc4 Be7 10. a4 O-O 11. O-O Bd7 12. Qe2 Nc6 13. Rfd1 Qe8 14. Rd2 Rc8 15.
Qd1 Nxd4 16. Rxd4 e5 17. Rd2 g5 18. Bg3 Rxc4 19. Bxe5 Be6 20. Qf3 Nd7 21. Bd4
Qc8 22. Rad1 f5 23. e4 Nf6 24. exf5 Bxf5 25. Re1 Bb4 26. Red1 Bxc3 27. bxc3 Rc6
28. Qg3 Qe6 29. f3 Qf7 30. Re1 Re6 31. Red1 Rfe8 32. h4 Nh5 33. Qh2 Nf4 34.
hxg5 Ne2+ 35. Kf1 Nxd4 36. cxd4 Qe7 37. Qg3 h5 38. d5 Re3 39. d6 Qd7 40. Qh4
Bg6 41. Rc1 b5 42. axb5 axb5 43. Qd4 Qe6 44. Rc7 Re1+ 45. Kf2 Re2+ 46. Kg3 h4+
47. Kh2 Bf7 48. Rxe2 Qxe2 49. g6 Qe5+ 50. Qxe5 Rxe5 51. gxf7+ Kg7 52. d7 Rd5
53. Rc8 1-0

[Event "ÕÕÕII Nezhmetdinov Memorial"]
[Site "?"]
[Date "2010.06.05"]
[Round "6.19"]
[White "Pokudov, Zakhar"]
[Black "Kamov, Igor"]
[Result "1-0"]
[WhiteElo "1794"]
[BlackElo "2179"]
[PlyCount "107"]
[EventDate "2010.06.01"]
[SourceDate "2010.06.06"]

1. e4 c5 2. Nf3 e6 3. d4 cxd4 4. Nxd4 a6 5. g3 b5 6. Bg2 Bb7 7. O-O Qc7 8. Nc3
Nc6 9. Re1 Nxd4 10. Qxd4 d6 11. a4 bxa4 12. Qxa4+ Qd7 13. Qxd7+ Kxd7 14. Na4
Kc7 15. Be3 Nf6 16. Ra3 Nd7 17. Rc3+ Bc6 18. Rxc6+ Kxc6 19. e5+ d5 20. c4 Bb4
21. Rd1 Nxe5 22. cxd5+ Kd6 23. Bf4 Rad8 24. Nb6 f6 25. Nc4+ Kc5 26. Nxe5 fxe5
27. Bxe5 exd5 28. Rc1+ Kb5 29. Bxg7 Rhe8 30. Bd4 Re1+ 31. Bf1+ Ka4 32. Rxe1
Bxe1 33. Bxa6 Kb3 34. Bd3 h6 35. Kg2 Bd2 36. f4 Bc1 37. Bg7 Rd6 38. Be5 Rc6 39.
Bh7 Bxb2 40. Bg8 Rc5 41. Bd6 Rc2+ 42. Kh3 Kc4 43. Bf8 h5 44. Bf7 h4 45. g4 Bc1
46. Bd6 Kb5 47. g5 d4 48. g6 d3 49. g7 d2 50. Bh5 Rc3+ 51. Kxh4 Rc8 52. Bf8 Bb2
53. g8=Q Bf6+ 54. Kh3 1-0

[Event "ÕÕÕII Nezhmetdinov Memorial"]
[Site "?"]
[Date "2010.06.05"]
[Round "6.21"]
[White "Bushkov, Alexander V."]
[Black "Ivanov, Stepan"]
[Result "1-0"]
[WhiteElo "2266"]
[BlackElo "2099"]
[PlyCount "39"]
[EventDate "2010.06.01"]
[SourceDate "2010.06.06"]

1. e4 c5 2. Nf3 e6 3. d4 cxd4 4. Nxd4 Nc6 5. Nc3 d6 6. Be2 Nf6 7. Be3 Be7 8.
O-O O-O 9. f4 e5 10. Nb3 exf4 11. Bxf4 Be6 12. Kh1 d5 13. exd5 Nxd5 14. Nxd5
Qxd5 15. Qxd5 Bxd5 16. Rad1 Rad8 17. c3 f5 18. Rxd5 Rxd5 19. Bc4 Rfd8 20. Rd1
1-0

[Event "ÕÕÕII Nezhmetdinov Memorial"]
[Site "?"]
[Date "2010.06.05"]
[Round "6.22"]
[White "Mokshanov, Alexey"]
[Black "Sannikov, Grigory"]
[Result "1/2-1/2"]
[WhiteElo "2227"]
[BlackElo "2059"]
[PlyCount "116"]
[EventDate "2010.06.01"]
[SourceDate "2010.06.06"]

1. e4 c5 2. Nf3 Nc6 3. Bb5 g6 4. Bxc6 dxc6 5. O-O Bg7 6. h3 Nf6 7. Nc3 Nd7 8.
d3 e5 9. Be3 Qe7 10. Qd2 h6 11. a3 Nf8 12. b4 Ne6 13. Na4 b6 14. Rfb1 f5 15.
Qd1 f4 16. Bd2 h5 17. bxc5 b5 18. Nc3 g5 19. Kf1 g4 20. Ng1 Nd4 21. Nce2 gxh3
22. gxh3 Ne6 23. Nf3 Rg8 24. Neg1 Bf6 25. Bc3 Qg7 26. a4 Nxc5 27. axb5 Qg2+ 28.
Ke2 Be6 29. Rb4 cxb5 30. Bxe5 Be7 31. Qd2 a6 32. Rd4 Rc8 33. Bd6 Na4 34. c4 Nc5
35. Bxe7 Kxe7 36. Qxf4 Qg7 37. Qd6+ Kf7 38. h4 Rgd8 39. Ng5+ Ke8 40. Qxc5 Rxc5
41. Rxd8+ Ke7 42. Rxa6 Bg4+ 43. f3 Qb2+ 44. Ke3 Qc1+ 45. Kf2 Kxd8 46. fxg4 Rxg5
47. hxg5 bxc4 48. dxc4 Qf4+ 49. Nf3 hxg4 50. Rf6 Qxe4 51. Nh2 Qxc4 52. Kg3 Qc7+
53. Rf4 Qh7 54. Nxg4 Qh5 55. Rf5 Ke7 56. Kf4 Qh1 57. g6 Qe1 58. Ne3 Qd2 1/2-1/2

[Event "ÕÕÕII Nezhmetdinov Memorial"]
[Site "?"]
[Date "2010.06.05"]
[Round "6.23"]
[White "Baraeva, Marina"]
[Black "Vaseptsov, Maxim"]
[Result "0-1"]
[WhiteElo "2102"]
[BlackElo "2197"]
[PlyCount "80"]
[EventDate "2010.06.01"]
[SourceDate "2010.06.06"]

1. c4 e5 2. Nc3 Nf6 3. g3 c6 4. Bg2 d5 5. cxd5 cxd5 6. Qb3 Nc6 7. Nxd5 Nd4 8.
Nxf6+ Qxf6 9. Qd1 Bf5 10. d3 Rc8 11. Kf1 Bc5 12. Nf3 O-O 13. h4 h6 14. Nxd4
Bxd4 15. f3 Bb6 16. Bh3 Bxh3+ 17. Rxh3 e4 18. Kg2 exf3+ 19. exf3 Qd4 20. Rh1
Qf2+ 21. Kh3 Rc2 22. Qf1 Qc5 23. Rh2 Qc8+ 24. g4 Rxh2+ 25. Kxh2 Qc2+ 26. Qg2
Qxd3 27. Bd2 f5 28. g5 hxg5 29. hxg5 Bc7+ 30. Kh1 Re8 31. Re1 Rxe1+ 32. Bxe1
Qd1 33. Qd2 Qxf3+ 34. Kg1 Qg4+ 35. Kh1 Qh3+ 36. Kg1 Bb6+ 37. Bf2 Qg3+ 38. Kf1
Qxf2+ 39. Qxf2 Bxf2 40. Kxf2 Kf7 0-1

[Event "ÕÕÕII Nezhmetdinov Memorial"]
[Site "?"]
[Date "2010.06.05"]
[Round "6.24"]
[White "Yarullina, Alina"]
[Black "Husnullin, Ramil"]
[Result "0-1"]
[WhiteElo "2048"]
[BlackElo "2196"]
[PlyCount "102"]
[EventDate "2010.06.01"]
[SourceDate "2010.06.06"]

1. e4 c5 2. d3 Nc6 3. g3 g6 4. Bg2 Bg7 5. c4 d6 6. Nc3 Nd4 7. Rb1 h5 8. h3 h4
9. Bg5 f6 10. Be3 hxg3 11. fxg3 e5 12. Nf3 Bh6 13. Bxh6 Nxh6 14. Nh4 Kf7 15.
O-O Be6 16. b4 b6 17. Rf2 Kg7 18. Qa4 Qe8 19. Qa6 Qc8 20. Qxc8 Raxc8 21. bxc5
dxc5 22. a4 g5 23. Nf3 Nf7 24. g4 Rcd8 25. Nd5 Bxd5 26. exd5 Nxf3+ 27. Rxf3 Nd6
28. Re3 Rb8 29. Re2 Rb7 30. Kh2 a6 31. Reb2 Rhb8 32. Be4 b5 33. axb5 axb5 34.
cxb5 Rxb5 35. Rxb5 Rxb5 36. Rxb5 Nxb5 37. Kg3 Nd6 38. Kf3 Kf7 39. Ke3 Ke7 40.
Kd2 Nb5 41. Kc2 Kd6 42. Kb3 Nd4+ 43. Kc4 Ne2 44. Bg2 Nf4 45. Be4 Nxh3 46. Bg2
Nf4 47. Be4 Ne2 48. Kb5 Nd4+ 49. Kc4 Nc2 50. Kc3 Ne3 51. Bf3 Nxd5+ 0-1

[Event "ÕÕÕII Nezhmetdinov Memorial"]
[Site "?"]
[Date "2010.06.05"]
[Round "6.25"]
[White "Bezgodova, Maria"]
[Black "Terentyev, Vitaly"]
[Result "1-0"]
[WhiteElo "2193"]
[BlackElo "2000"]
[PlyCount "117"]
[EventDate "2010.06.01"]
[SourceDate "2010.06.06"]

1. e4 g6 2. d4 Bg7 3. Nc3 d6 4. Nf3 Nf6 5. Be2 O-O 6. O-O a6 7. h3 b5 8. e5
Nfd7 9. a4 b4 10. Nd5 a5 11. Bg5 f6 12. exf6 exf6 13. Bf4 Kh8 14. Bd3 Bb7 15.
Ne3 Re8 16. Re1 Nf8 17. c3 bxc3 18. bxc3 Nbd7 19. Rb1 Rb8 20. Nc4 Bxf3 21. Qxf3
Rxe1+ 22. Rxe1 Ra8 23. Qd5 f5 24. Nxa5 Nb6 25. Qb5 Qd7 26. Nc6 Ne6 27. Bd2 Rxa4
28. d5 Nc5 29. Re7 Qc8 30. Na7 Qg8 31. Re8 Bf8 32. Bg5 Nbd7 33. Nc6 Qf7 34. Rd8
Kg7 35. Bc2 Ra1+ 36. Kh2 h6 37. Be3 Be7 38. Bd4+ Bf6 39. c4 Re1 40. Qa5 Re2 41.
Bd1 Re4 42. Bxf6+ Nxf6 43. Rc8 Ne8 44. Bf3 Rxc4 45. Qb5 Rc2 46. Nd4 Rd2 47.
Ne6+ Nxe6 48. dxe6 Qxe6 49. Rxe8 Qf7 50. Rd8 Kf6 51. Qb4 Rd3 52. Qh4+ Kg7 53.
Bc6 g5 54. Qb4 Qf6 55. Rd7+ Kg6 56. Qc4 Rd4 57. Qg8+ Kh5 58. Qe8+ Qg6 59. Rg7
1-0

[Event "ÕÕÕII Nezhmetdinov Memorial"]
[Site "?"]
[Date "2010.06.05"]
[Round "6.26"]
[White "Kalinin, Nikita"]
[Black "Hamidullin, Aydar"]
[Result "1-0"]
[WhiteElo "2032"]
[BlackElo "2188"]
[PlyCount "79"]
[EventDate "2010.06.01"]
[SourceDate "2010.06.06"]

1. e4 e5 2. Nf3 Nc6 3. Bc4 Nf6 4. d3 h6 5. c3 g6 6. Bb3 Bg7 7. Nbd2 O-O 8. O-O
d5 9. Re1 Be6 10. exd5 Nxd5 11. Nc4 Bg4 12. h3 Bxf3 13. Qxf3 Nde7 14. Bc2 f5
15. Ne3 Kh8 16. h4 f4 17. Nc4 h5 18. d4 exd4 19. Re6 Qd5 20. Qxd5 Nxd5 21. Rxg6
Rae8 22. Bd2 dxc3 23. bxc3 Ne5 24. Nxe5 Rxe5 25. c4 Ne7 26. Rxg7 Kxg7 27. Bc3
Kf6 28. Re1 Nc6 29. Be4 Ke6 30. Bxe5 Nxe5 31. Bxb7 Rb8 32. Bf3 Rb2 33. Bxh5
Rxa2 34. Be8 Kf6 35. h5 Ng4 36. Bd7 Nxf2 37. h6 f3 38. gxf3 Kg6 39. Re6+ Kh7
40. Rf6 1-0

[Event "ÕÕÕII Nezhmetdinov Memorial"]
[Site "?"]
[Date "2010.06.05"]
[Round "6.27"]
[White "Vasilov, Artur"]
[Black "Talipov, Nafis"]
[Result "1/2-1/2"]
[WhiteElo "2165"]
[BlackElo "2050"]
[PlyCount "50"]
[EventDate "2010.06.01"]
[SourceDate "2010.06.06"]

1. d4 e6 2. c4 b6 3. Nc3 Bb7 4. Nf3 Bb4 5. g3 f5 6. Bg2 Nf6 7. O-O Bxc3 8. bxc3
Qe7 9. Qb3 d6 10. c5 dxc5 11. dxc5 Nc6 12. Ng5 Na5 13. Qxe6 Bxg2 14. Kxg2 h6
15. Qxe7+ Kxe7 16. Nf3 bxc5 17. Ba3 Nd7 18. Nd2 Rab8 19. c4 Rhd8 20. Rfd1 Kf7
21. Rac1 Rb6 22. Nf3 Rd6 23. Rd5 Nxc4 24. Rxd6 Nxd6 25. Bxc5 Ne4 1/2-1/2

[Event "ÕÕÕII Nezhmetdinov Memorial"]
[Site "?"]
[Date "2010.06.05"]
[Round "6.28"]
[White "Zakharov, Kirill"]
[Black "Semenova, Elena"]
[Result "0-1"]
[WhiteElo "1911"]
[BlackElo "2162"]
[PlyCount "66"]
[EventDate "2010.06.01"]
[SourceDate "2010.06.06"]

1. d4 f5 2. Nf3 e6 3. g3 Nf6 4. Bg2 Be7 5. c4 d6 6. O-O O-O 7. b3 Nbd7 8. Bb2
Ne4 9. Nbd2 Bf6 10. Nxe4 fxe4 11. Nd2 d5 12. e3 c5 13. f4 cxd4 14. Bxd4 Bxd4
15. exd4 Qf6 16. Nb1 Nb8 17. Nc3 Rd8 18. cxd5 exd5 19. h3 Nc6 20. Ne2 b6 21. g4
Ba6 22. g5 Qe7 23. Re1 Rf8 24. Nc3 Qd6 25. Qd2 Rad8 26. Rac1 Nb4 27. Bf1 Bxf1
28. Rxf1 Nd3 29. Nb5 Qd7 30. Nc3 Nxc1 31. Rxc1 Qxh3 32. Ne2 Qg4+ 33. Kf1 Qxg5
0-1

[Event "ÕÕÕII Nezhmetdinov Memorial"]
[Site "?"]
[Date "2010.06.05"]
[Round "6.30"]
[White "Sadykov, Airat F."]
[Black "Faizrakhmanov, Ilmir"]
[Result "1-0"]
[WhiteElo "2112"]
[BlackElo "1912"]
[PlyCount "55"]
[EventDate "2010.06.01"]
[SourceDate "2010.06.06"]

1. d4 d5 2. c4 c6 3. Nf3 Nf6 4. Nc3 e6 5. Bg5 h6 6. Bh4 Nbd7 7. e3 Be7 8. Bd3
dxc4 9. Bxc4 O-O 10. O-O b6 11. Rc1 Bb7 12. Qe2 a6 13. Rfd1 b5 14. Bd3 Qb6 15.
e4 Rfe8 16. e5 Nh7 17. Qe4 Nhf8 18. Bxe7 Rxe7 19. Qh4 Ree8 20. Ne4 Ng6 21. Qg4
Ndf8 22. Nd6 Re7 23. h4 Nh8 24. Nd2 Nd7 25. Nxb7 Qxb7 26. Qe4 Kf8 27. Qh7 f5
28. exf6 1-0

[Event "ÕÕÕII Nezhmetdinov Memorial"]
[Site "?"]
[Date "2010.06.05"]
[Round "6.32"]
[White "Ospennikov, Dmitry V"]
[Black "Volkov, Ilya"]
[Result "1-0"]
[WhiteElo "2243"]
[BlackElo "1919"]
[PlyCount "75"]
[EventDate "2010.06.01"]
[SourceDate "2010.06.06"]

1. e4 c6 2. d4 d5 3. exd5 cxd5 4. c4 Nf6 5. Nc3 g6 6. Nf3 Bg7 7. Qb3 O-O 8.
cxd5 Nbd7 9. Be2 Nb6 10. Ne5 Nfxd5 11. Ne4 Nc7 12. Be3 Be6 13. Qa3 Bd5 14. Bf3
Nb5 15. Qb4 Nd6 16. Nc3 Bxf3 17. Nxf3 Nf5 18. O-O Nd5 19. Nxd5 Qxd5 20. Rfc1 b6
21. Rc7 Rfd8 22. h3 Rd7 23. Rxd7 Qxd7 24. Rc1 Rd8 25. a4 e6 26. Bg5 Rc8 27.
Rxc8+ Qxc8 28. g4 Qb7 29. Ne5 f6 30. gxf5 gxf5 31. Qd6 Qc8 32. Bxf6 Bxf6 33.
Nd7 Kg7 34. d5 Bxb2 35. Qe7+ Kh8 36. Nf8 Bg7 37. Nxe6 Qc1+ 38. Kg2 1-0

[Event "ÕÕÕII Nezhmetdinov Memorial"]
[Site "?"]
[Date "2010.06.05"]
[Round "6.33"]
[White "Zaynutdinov, Iskander"]
[Black "Riazanov, Alexey"]
[Result "1-0"]
[WhiteElo "1986"]
[BlackElo "2114"]
[PlyCount "155"]
[EventDate "2010.06.01"]
[SourceDate "2010.06.06"]

1. d4 e6 2. Nf3 Nf6 3. c4 d5 4. cxd5 exd5 5. Nc3 c6 6. Bg5 Bb4 7. Qc2 Nbd7 8.
e3 O-O 9. Bd3 h6 10. Bh4 Qa5 11. O-O g5 12. Bg3 Nh5 13. Ne2 Ng7 14. a3 Be7 15.
b4 Qb6 16. Ne5 Nxe5 17. Bxe5 f6 18. Bg3 Bd7 19. h4 a5 20. hxg5 hxg5 21. bxa5
Rxa5 22. Rfb1 Qa7 23. Rb3 Ra8 24. Bc7 Ra4 25. Bb6 Qb8 26. Qb2 Qf8 27. Bc5 b5
28. Nc3 R4a5 29. Bxe7 Qxe7 30. a4 f5 31. Ra2 bxa4 32. Rb8+ Kf7 33. Rxa8 Rxa8
34. Rxa4 Rxa4 35. Nxa4 f4 36. exf4 gxf4 37. Qd2 Qd6 38. Nc5 Bf5 39. Be2 Ne6 40.
Nxe6 Kxe6 41. Qa5 Qb8 42. Qc5 Kd7 43. Bf3 Qd6 44. Qb6 Qc7 45. Qb4 Qd6 46. Qa5
Qc7 47. Qa8 Qc8 48. Qa3 Qb8 49. Qa4 Be6 50. Qc2 Qh8 51. Qd2 Qf6 52. Qb4 Qd8 53.
Qb7+ Qc7 54. Qb1 Qd8 55. Kf1 Qa8 56. Kg1 Qd8 57. Bd1 Kc7 58. Ba4 Bd7 59. Qc1
Qf6 60. Qc3 Qg6 61. Bc2 Qd6 62. Qa5+ Kc8 63. Kf1 Be8 64. Bf5+ Bd7 65. Qa8+ Kc7
66. Qa7+ Kc8 67. Qxd7+ Qxd7 68. Bxd7+ Kxd7 69. Ke2 Ke6 70. Kf3 Kf5 71. g3 fxg3
72. fxg3 Kg5 73. g4 Kg6 74. Kf4 Kf6 75. g5+ Kg6 76. Kg4 Kg7 77. Kf5 Kf7 78. Ke5
1-0

[Event "ÕÕÕII Nezhmetdinov Memorial"]
[Site "?"]
[Date "2010.06.05"]
[Round "6.36"]
[White "Khairullin, Adel"]
[Black "Malin, Denis"]
[Result "1/2-1/2"]
[WhiteElo "1916"]
[BlackElo "2068"]
[PlyCount "59"]
[EventDate "2010.06.01"]
[SourceDate "2010.06.06"]

1. d4 d5 2. Bg5 Nf6 3. e3 e6 4. Bd3 Nbd7 5. f4 c5 6. c3 Qb6 7. Qc1 h6 8. Bxf6
Nxf6 9. Nf3 Bd7 10. O-O Bb5 11. Bxb5+ Qxb5 12. Ne5 Nd7 13. Nd2 Nxe5 14. fxe5
Be7 15. Qc2 O-O 16. Nf3 Qc6 17. Rf2 b5 18. g4 Rac8 19. g5 hxg5 20. Rg2 cxd4 21.
exd4 b4 22. Nxg5 Bxg5 23. Rxg5 bxc3 24. Rxg7+ Kxg7 25. Qg2+ Kh7 26. Qh3+ Kg7
27. Qg4+ Kh6 28. Qh4+ Kg6 29. Qf6+ Kh7 30. Qh4+ 1/2-1/2